000 00562nam a22001697a 4500
999 _c60781
_d60781
005 20231020122844.0
008 231020s1978 ru ||||| |||| 00| 0 rus d
041 _arus
080 _a737(038) З-42
100 _aЗварич, В.В.
_920163
245 _aНумизматический словарь /
_c В.В. Зварич.
250 _a3-е издание, дополненное
264 _aЛьвов :
_b "Вища школа",
_c1978.
300 _a338 стр.:
_bил.;
_c20 см.
653 _aნუმიზმატიკა
942 _2udc
_cBK